| 000 | 00644cas a22002175a 4500 | ||
|---|---|---|---|
| 001 | L349 | ||
| 008 | 070614c1983 xxuqr p 0 a0eng | ||
| 022 | 1 | _a0733-9453 | |
| 035 | _a(Sirsi) u98969 | ||
| 041 | 0 | _aeng | |
| 110 | 2 |
_aAmerican Society of Civil Engineers _93104 |
|
| 245 | _aJournal of Surveying Engineering | ||
| 260 |
_aReston (VA) _bAmerican Society of Civil Engineers _c1983- |
||
| 362 | 0 | _aJanuary 1983- | |
| 520 | _aKept for five years | ||
| 554 | _aFour per year | ||
| 651 | 4 |
_aUnited States _y1959- |
|
| 690 | _aENVIRONMENTAL AND LAND CONSULTANCY-GEOMATICS-ENGINEERING SURVEYING | ||
| 942 | _n0 | ||
| 948 | _c20/01/1995 | ||
| 999 |
_c118605 _d118605 |
||